Balatro Blinds Quiz - Statistics

General Stats
  • This quiz has been taken 49 times
  • The average score is 20 of 30
Answer Stats
Hint Answer % Correct
No effect Small blind
89%
No effect Big blind
87%
Chip requirement The wall
83%
Chip requirement The needle
80%
Debuffs cards The plant
80%
Playing or discarding The water
78%
Finisher blind Violet vessel
78%
Finisher blind Crimson heart
76%
Finisher blind Cerulean bell
74%
Hand types The eye
72%
Finisher blind Verdant leaf
72%
Hand types The ox
70%
Finisher blind Amber acorn
67%
Debuffs cards The club
67%
Face down cards The fish
65%
Hand types The mouth
65%
Playing or discarding The serpent
65%
Hand types The arm
63%
Playing or discarding The hook
63%
Debuffs cards The window
61%
Debuffs cards The goad
59%
Face down cards The wheel
59%
Debuffs cards The head
54%
Playing or discarding The psychic
54%
Other The manacle
52%
Debuffs cards The pillar
50%
Other The tooth
50%
Face down cards The house
48%
Other The flint
46%
Face down cards The mark
46%
No matching quizzes found
Score Distribution
Percent of People with Each Score
Percentile by Number Answered
Your Score History
You have not taken this quiz